000 00248nam a2200097Ia 4500
005 20251222175820.0
008 251222s9999||||xx |||||||||||||| ||spa||
082 _aDVD0070/L95/1999
245 0 _aUna historia verdadera:The Straight Story
942 _cDVD
999 _c40456
_d40456